000 00522nam a2200217Ia 4500
003 OSt
005 20220928140706.0
006 a|||||r|||| 00| 0
007 ta
008 220927b |||||||| |||| 00| 0 eng d
024 _a11097
037 _cTextual
040 _aSDCL
_cSDCL
_beng
041 _2eng
_aeng
082 _aI:4, M6
100 _aWang Trevor L
_9497061
245 0 _aImmunology in plant science
260 _c1986
942 _hI:4, M6
_cTEXL
_2CC
999 _c813542
_d813542